Statistics for Biggest Cities in Wyoming

Click here to take the quiz!

General Stats

  • This quiz has been taken 1,780 times
  • The average score is 9 of 20

Answer Stats

Population County City % Correct
63,957LaramieCheyenne
98%
57,461NatronaCasper
80%
32,473AlbanyLaramie
72%
10,429TetonJackson
67%
31,903CampbellGillette
53%
9,828ParkCody
51%
23,082SweetwaterRock Springs
50%
17,849--------Sheridan
46%
11,704UintaEvanston
39%
8,658CarbonRawlins
37%
11,978SweetwaterGreen River
36%
10,996FremontRiverton
33%
4,573JohnsonBuffalo
33%
6,273ConverseDouglas
30%
7,503FremontLander
29%
6,310ParkPowell
24%
6,701GoshenTorrington
23%
5,075WashakieWorland
21%
3,553PlatteWheatland
21%
3,915NatronaMills
8%

Score Distribution

Percentile by Number Answered

Percent of People with Each Score

Your Score History

You have not taken this quiz